Alle Finalisten der EM - Statistiken

Allgemein
  • Dieses Quiz wurde 57 mal gespielt
  • Das Durchschnittsergebnis liegt bei 32 aus 34
Antwortstatistiken
Jahr Finalisten % Korrekt
1972 Deutschland
100%
1976 Deutschland
100%
1980 Deutschland
100%
1992 Deutschland
100%
1996 Deutschland
100%
2008 Deutschland
100%
2004 Portugal
100%
2016 Portugal
100%
1964 Spanien
100%
1984 Spanien
100%
2008 Spanien
100%
2012 Spanien
100%
2024 Spanien
100%
1992 Dänemark
98%
2021 England
98%
2024 England
98%
1984 Frankreich
98%
2000 Frankreich
98%
2016 Frankreich
98%
2004 Griechenland
98%
1968 Italien
98%
2000 Italien
98%
2012 Italien
98%
2021 Italien
98%
1988 Niederlande
98%
1980 Belgien
94%
1976 Tschechoslowakei
89%
1996 Tschechien
85%
1960 Sowjetunion
80%
1964 Sowjetunion
80%
1972 Sowjetunion
80%
1988 Sowjetunion
80%
1960 Jugoslawien
76%
1968 Jugoslawien
76%
Keine übereinstimmenden Quizze gefunden
Verteilung der Resultate
Anzahl Personen mit jedem Resultat
Perzentil nach korrekt beantworteten Fragen
Ihre Resultats-Entwicklung
Sie haben dieses Quiz noch nicht gespielt